[Event "05.OIBayEM Bad Wiessee op"]
[Site "?"]
[Date "2001.10.31"]
[Round "5"]
[White "Gleizerov Evgeny"]
[Black "Lobron Eric"]
[Result "0-1"]
[WhiteElo "2575"]
[BlackElo "2524"]
[PlyCount "56"]
[EventDate "2001.??.??"]
[Source "www.chesslib.no"]
[SourceDate "2004.05.04"]

1. d4 Nf6 2. c4 e6 3. g3 c5 4. d5 exd5 5. cxd5 b5 6. Bg2 d6 7. e4 g6 8. Qe2 Ba6 9. f4 b4 10. Qc2 Bg7 11. e5 dxe5 12. Qxc5 Nbd7 13. Qxb4 Rc8 14. Be3 Ng4 15. Qa3 Nxe3 16. Qxe3 O-O 17. f5 e4 18. Nc3 Ne5 19. Bxe4 Nc4 20. Qxa7 Ra8 21. Qf2 Bxc3+ 22. bxc3 Re8 23. Ne2 Rxe4 24. O-O Ne5 25. fxg6 Rxe2 26. gxf7+ Kf8 27. Qf4 Qb6+ 28. Kh1 Bd3 0-1

[Event "TCh-AUT 1st Bundesliga 2007-8"]
[Site "Jenbach AUT"]
[Date "2008.01.10"]
[Round "4"]
[White "Horvath, Cs1"]
[Black "Markos, J."]
[Result "1-0"]
[WhiteElo "2530"]
[BlackElo "2565"]
[PlyCount "45"]
[EventDate "2008.01.10"]
[Source "www.chesslib.no"]
[SourceDate "2004.05.04"]

1. d4 Nf6 2. c4 e6 3. Nf3 c5 4. d5 exd5 5. cxd5 Bd6 6. Nc3 O-O 7. Bg5 Re8 8. e3 a6 9. Bd3 b5 10. a4 bxa4 11. Rxa4 h6 12. Bh4 g5 13. Nxg5 hxg5 14. Bxg5 Re5 15. h4 Be7 16. d6 Bxd6 17. Qf3 Re6 18. Qxa8 Qb6 19. Bxf6 Bb7 20. Nd5 Qc6 21. Rg4+ Kf8 22. Bh7 Bxa8 23. Rg8# 1-0

[Event "54th ch-HUN"]
[Site "Budapest"]
[Date "2004.08.27"]
[Round "9.4"]
[White "Horvath, Csaba"]
[Black "Cao Sang"]
[Result "1/2-1/2"]
[WhiteElo "2546"]
[BlackElo "2545"]
[PlyCount "31"]
[EventDate "2004.08.19"]
[Source "Roberto Alvarez"]
[SourceDate "2004.09.06"]

1. d4 Nf6 2. c4 e6 3. g3 c5 4. d5 exd5 5. cxd5 b5 6. Bg2 Bb7 7. e4 d6 8. f4 Be7 9. Nh3 O-O 10. O-O Nbd7 11. e5 Ne8 12. e6 Nb6 13. f5 fxe6 14. dxe6 Bxg2 15. Kxg2 d5 16. g4 1/2-1/2

[Event "Budapest Nyar-A"]
[Site "Budapest"]
[Date "1998.??.??"]
[Round "7"]
[White "Gyimesi, Zoltan"]
[Black "Varga, Zoltan"]
[Result "1/2-1/2"]
[WhiteElo "2525"]
[BlackElo "2565"]
[PlyCount "116"]
[EventDate "1998.??.??"]
[Source "www.chesslib.no"]
[SourceDate "2004.05.04"]

1. c4 Nf6 2. Nc3 e6 3. d4 c5 4. d5 exd5 5. cxd5 Bd6 6. g3 a6 7. a4 O-O 8. Bg2 Bc7 9. Nh3 Ba5 10. O-O d6 11. Nf4 Re8 12. Bd2 Nbd7 13. Re1 Ne5 14. b3 Bd7 15. Nb1 b5 16. axb5 axb5 17. b4 Bxb4 18. Rxa8 Qxa8 19. Bxb4 cxb4 20. Nd2 Qa2 21. Nb3 Nc4 22. Nd3 Nb2 23. Qc2 Nxd3 24. Qxa2 Nxe1 25. Qd2 Nxg2 26. Kxg2 Re5 27. Qxb4 Rxd5 28. Nd4 h6 29. e3 Rc5 30. h3 h5 31. Qa5 g6 32. Qd8+ Kg7 33. Qe7 Rd5 34. f3 b4 35. g4 hxg4 36. hxg4 g5 37. Nb3 Re5 38. Qxd6 Rxe3 39. Qxb4 Bc6 40. Nd4 Bd7 41. Qd2 Re5 42. Kg3 Bxg4 43. Nc6 Rd5 44. Qe3 Be6 45. Nd4 Bd7 46. Kg2 Kg6 47. Ne2 Kg7 48. Nc3 Ra5 49. Ne4 Nxe4 50. Qxe4 Be6 51. Kf2 Rf5 52. Kg3 Rf4 53. Qe5+ Kg6 54. Qd6 Rf6 55. Qf8 Rf4 56. Qg8+ Kf6 57. Qd8+ Kg6 58. Qg8+ Kf6 1/2-1/2

[Event "Corr"]
[Site "?"]
[Date "1999.06.30"]
[Round "?"]
[White "Samarin Igor Valerievich (R"]
[Black "Kluve Siegfried (GER)"]
[Result "1-0"]
[WhiteElo "2535"]
[BlackElo "2550"]
[PlyCount "67"]
[EventDate "1999.??.??"]
[Source "www.chesslib.no"]
[SourceDate "2004.05.04"]

1. d4 e6 2. c4 Nf6 3. g3 c5 4. d5 exd5 5. cxd5 b5 6. Bg2 d6 7. e4 Bb7 8. f4 Nbd7 9. Nh3 g6 10. O-O Bg7 11. Re1 Qa5 12. Nc3 O-O 13. e5 Ne8 14. e6 fxe6 15. dxe6 Bxg2 16. Kxg2 Bxc3 17. bxc3 Nb6 18. e7 Rf6 19. Qf3 Rc8 20. Ng5 Qa4 21. g4 h6 22. Ne4 Rf7 23. f5 d5 24. Ng3 g5 25. Re6 Rf6 26. Re2 Rf7 27. h4 gxh4 28. Nh5 Rc6 29. g5 Nd7 30. f6 Qc4 31. Kh2 b4 32. cxb4 cxb4 33. Bb2 hxg5 34. Rg1 1-0

[Event "Maribor"]
[Site "?"]
[Date "1996.??.??"]
[Round "?"]
[White "Beliavsky, A."]
[Black "Grosar, A."]
[Result "1-0"]
[WhiteElo "2615"]
[BlackElo "2470"]
[PlyCount "95"]
[EventDate "1996.??.??"]
[Source "ChessBase"]
[SourceDate "1996.06.01"]

1. d4 Nf6 2. c4 e6 3. g3 c5 4. d5 exd5 5. cxd5 b5 6. Qc2 d6 7. e4 b4 8. Nd2 g6 9. Ngf3 Qe7 10. Bb5+ Bd7 11. Bxd7+ Nbxd7 12. O-O Bg7 13. a3 bxa3 14. Rxa3 O-O 15. Re1 Nb6 16. Nb3 Rfe8 17. Na5 Qd7 18. Kg2 h6 19. Bd2 Kh7 20. h3 Rab8 21. Bc3 Nh5 22. Nc6 Rb7 23. Raa1 Rc7 24. Rad1 Qc8 25. Qd3 Na4 26. Bxg7 Nxg7 27. Qb5 Nb6 28. e5 Nxd5 29. Rxd5 Rxc6 30. exd6 Rd8 31. Re7 Rdxd6 32. Rxd6 Rxd6 33. Rxf7 Rb6 34. Qd3 Qe6 35. Rxa7 Rb3 36. Qd8 Qc6 37. Qf8 Rb7 38. Ra8 g5 39. Kh2 Re7 40. Rc8 Qe4 41. h4 g4 42. Qh8+ Kg6 43. h5+ Kxh5 44. Rxc5+ Kg6 45. Nh4+ Kf7 46. Qxh6 Re6 47. Rc7+ Re7 48. Qxg7+ 1-0

[Event "Sankt_Peterburg (zt)"]
[Site "?"]
[Date "1993.??.??"]
[Round "?"]
[White "Ulibin, M."]
[Black "Aseev, K."]
[Result "1-0"]
[WhiteElo "2565"]
[BlackElo "2515"]
[PlyCount "59"]
[EventDate "1993.??.??"]
[Source "ChessBase"]
[SourceDate "1993.02.01"]

1. d4 Nf6 2. c4 e6 3. g3 c5 4. d5 exd5 5. cxd5 b5 6. Bg2 Bb7 7. e4 d6 8. Nf3 Be7 9. O-O O-O 10. Nh4 Re8 11. Re1 Nbd7 12. a4 b4 13. b3 Bf8 14. Bb2 a5 15. Nd2 Ba6 16. Nf5 g6 17. Ne3 Bg7 18. Qc2 Nb6 19. Rad1 Nfd7 20. Bxg7 Kxg7 21. f4 Qf6 22. e5 dxe5 23. Ne4 Qd8 24. f5 Qc7 25. d6 Qd8 26. f6+ Kg8 27. Ng4 Rc8 28. Qd2 Kh8 29. Qh6 Rg8 30. Ng5 1-0

[Event "Rishon Le Ziyyon"]
[Site "Rishon Le Ziyyon"]
[Date "1996.??.??"]
[Round "8"]
[White "Manor, Ilan"]
[Black "Greenfeld, Alon"]
[Result "1-0"]
[WhiteElo "2510"]
[BlackElo "2560"]
[PlyCount "119"]
[EventDate "1996.02.??"]
[Source "ChessBase"]

1. d4 Nf6 2. c4 e6 3. g3 c5 4. d5 exd5 5. cxd5 b5 6. e4 Bb7 7. Bg2 d6 8. a4 b4 9. Nd2 g6 10. Nc4 Ba6 11. Qc2 Bg7 12. Nf3 O-O 13. Nfd2 Nbd7 14. O-O Nb6 15. Re1 Ng4 16. Ne3 Ne5 17. Bf1 c4 18. a5 Nbd7 19. Nexc4 Rc8 20. Qb3 Nc5 21. Qe3 Nxc4 22. Bxc4 Bxc4 23. Nxc4 Re8 24. Qf3 f5 25. Bf4 Nxe4 26. Rac1 Bd4 27. Be3 Qf6 28. b3 Bc5 29. Bxc5 Nxc5 30. Kg2 Kg7 31. Re3 Re4 32. Rxe4 Nxe4 33. Qe3 Rc5 34. Re1 Qc3 35. f3 Qxe3 36. Rxe3 Ng5 37. Re7+ Kf6 38. Rxa7 Rxd5 39. h4 Ne6 40. Rb7 Rd3 41. Rxb4 d5 42. Nb6 Rd2+ 43. Kf1 Nc7 44. Ra4 Ke6 45. a6 Kd6 46. a7 Rd3 47. Rb4 Rxf3+ 48. Kg2 Rc3 49. a8=Q Nxa8 50. Nxa8 Rc8 51. Ra4 Kc6 52. Kf3 Kb7 53. Kf4 Rc3 54. b4 Rb3 55. Ke5 Rxg3 56. Kd6 Rc3 57. b5 Rc4 58. Ra3 d4 59. b6 Rc6+ 60. Kd5 1-0

[Event "Frank K Berry - Camp. USA"]
[Site "Tulsa USA"]
[Date "2008.05.20"]
[Round "8"]
[White "Gulko, B."]
[Black "Kraai, J."]
[Result "1/2-1/2"]
[WhiteElo "2559"]
[BlackElo "2509"]
[PlyCount "153"]
[EventDate "2008.05.13"]
[Source "www.chesslib.no"]
[SourceDate "2004.05.04"]

1. d4 Nf6 2. c4 e6 3. g3 c5 4. d5 exd5 5. cxd5 b5 6. Bg2 d6 7. a4 b4 8. Nd2 Nbd7 9. Nc4 Ba6 10. Qb3 Bxc4 11. Qxc4 g6 12. a5 Bg7 13. Bf4 O-O 14. Bxd6 Re8 15. Nh3 Ne4 16. Bxe4 Bxb2 17. Rd1 Bc3+ 18. Kf1 Nf6 19. Bc7 Rxe4 20. Qxe4 Nxe4 21. Bxd8 Rxd8 22. Kg2 b3 23. Nf4 Bxa5 24. f3 Nc3 25. Ra1 Bb4 26. Nd3 a5 27. e4 f5 28. Rhe1 c4 29. Nb2 Nxd5 30. Nxc4 Bxe1 31. Rxe1 Nc3 32. Re3 a4 33. Rxc3 Rc8 34. exf5 gxf5 35. Kf2 Rxc4 36. Rxc4 a3 37. Rc3 a2 38. Rxb3 a1=Q 39. Rb4 Qh1 40. Rh4 Kg7 41. Rh5 Kg6 42. Rh3 Qd1 43. Rh4 Qd2+ 44. Kf1 h6 45. Kg1 Qe3+ 46. Kg2 Qe2+ 47. Kg1 Qxf3 48. Rf4 Qd5 49. Rh4 Kg5 50. Rf4 Qc6 51. Rh4 Qf3 52. Rf4 Qe3+ 53. Kg2 Kf6 54. Rh4 Ke5 55. Kf1 Qd2 56. Kg1 Qe2 57. Rf4 Qe3+ 58. Kg2 Qxf4 59. gxf4+ Kxf4 60. Kf2 Ke4 61. Ke2 f4 62. Kf2 f3 63. Ke1 Kf5 64. Kf1 Kf4 65. Ke1 Ke3 66. Kf1 Ke4 67. Ke1 h5 68. Kf2 Kf4 69. Kf1 Ke4 70. Kf2 Kf4 71. Kf1 Ke3 72. Ke1 h4 73. Kf1 Ke4 74. Kf2 Kf4 75. Ke1 Ke3 76. Kf1 f2 77. h3 1/2-1/2

[Event "UKR Ch"]
[Site "?"]
[Date "2003.11.07"]
[Round "4"]
[White "Krivoshey Sergei"]
[Black "Miroshnichenko Evgenij"]
[Result "1/2-1/2"]
[WhiteElo "2495"]
[BlackElo "2571"]
[PlyCount "21"]
[EventDate "2003.??.??"]
[Source "www.chesslib.no"]
[SourceDate "2004.05.04"]

1. d4 Nf6 2. Nf3 e6 3. c4 c5 4. d5 exd5 5. cxd5 Bd6 6. Nc3 O-O 7. g3 a6 8. a4 Bc7 9. Bg2 d6 10. O-O Nbd7 11. Nd2 1/2-1/2

[Event "Makarska"]
[Site "?"]
[Date "1995.??.??"]
[Round "9"]
[White "Cebalo Miso"]
[Black "Bezold Michael"]
[Result "0-1"]
[WhiteElo "2570"]
[BlackElo "2495"]
[PlyCount "106"]
[EventDate "1995.??.??"]
[Source "www.chesslib.no"]
[SourceDate "2004.05.04"]

1. d4 Nf6 2. Nf3 e6 3. c4 c5 4. d5 exd5 5. cxd5 Bd6 6. g3 Bc7 7. Bg2 d6 8. O-O O-O 9. a4 Re8 10. Nfd2 Nbd7 11. b3 Rb8 12. Nc4 b6 13. Nc3 a6 14. Na3 Nf8 15. h3 Bd7 16. Qd3 Qc8 17. Bg5 Bd8 18. Nc4 Qc7 19. Nxd6 Qxd6 20. Bf4 Re5 21. Qxa6 g5 22. Bxe5 Qxe5 23. Qc4 Ng6 24. Rad1 Ne8 25. Nb5 Nd6 26. Nxd6 Qxd6 27. Qc2 h5 28. Rd3 h4 29. Rfd1 Bf6 30. Qd2 hxg3 31. Rxg3 Be5 32. Rxg5 Bf4 33. Rxg6+ fxg6 34. e3 Bh2+ 35. Kh1 g5 36. Qe2 Rf8 37. Qh5 Rxf2 38. Qxg5+ Kf8 39. Rf1 Rxf1+ 40. Bxf1 Be5 41. e4 Bf4 42. Qh5 Qf6 43. Bb5 Qb2 44. Qe2 Qxe2 45. Bxe2 Bxh3 46. Kg1 Bg3 47. Bf1 Bg4 48. Kg2 Bf4 49. Kf2 Bd1 50. Bc4 Ke7 51. Ke1 Bc2 52. e5 Bxe5 53. Kd2 Be4 0-1

[Event "Calviá ol (Men)"]
[Site "Mallorca"]
[Date "2004.10.17"]
[Round "3.4"]
[White "Zugic, Igor"]
[Black "Gashimov, Vugar"]
[Result "1/2-1/2"]
[WhiteElo "2479"]
[BlackElo "2586"]
[PlyCount "182"]
[EventDate "2004.10.15"]
[Source "Roberto Alvarez"]
[SourceDate "2004.10.18"]

1. d4 Nf6 2. c4 e6 3. Nf3 c5 4. d5 exd5 5. cxd5 g6 6. Nc3 Bg7 7. Bg5 h6 8. Bh4 O-O 9. e3 a6 10. a4 Qa5 11. Nd2 Qb4 12. Bxf6 Bxf6 13. Qc2 d6 14. Nc4 Nd7 15. Ra3 Rb8 16. Be2 b5 17. axb5 axb5 18. Nxd6 c4 19. Nxc8 Rfxc8 20. O-O Nc5 21. Ra7 Ra8 22. Rxa8 Rxa8 23. d6 Rd8 24. Rd1 Bxc3 25. bxc3 Qb3 26. Qxb3 cxb3 27. Bxb5 Ne4 28. Rb1 Rxd6 29. f3 Nc5 30. Bc4 Rb6 31. Rb2 Rb7 32. Kf1 Kf8 33. e4 f5 34. Bd5 Re7 35. Ke2 fxe4 36. fxe4 Ra7 37. Ke3 Ra4 38. Bxb3 Rxe4+ 39. Kf3 Kg7 40. Bd5 Re5 41. c4 Re7 42. Rb6 Nd7 43. Re6 Rxe6 44. Bxe6 Nc5 45. Bd5 Kf6 46. Kf4 g5+ 47. Kg4 Kg6 48. h4 h5+ 49. Kg3 Kf6 50. Bc6 Kg6 51. Be8+ Kh6 52. Kh3 Ne4 53. Bc6 Nf2+ 54. Kg3 Nd3 55. Be4 Nc5 56. Bf5 Nb7 57. Kf3 gxh4 58. Bh3 Kg5 59. Ke4 Kf6 60. Kd5 Na5 61. c5 Ke7 62. Be6 Kd8 63. Kd6 h3 64. Bxh3 Nc4+ 65. Kc6 h4 66. Be6 Na3 67. Kb6 Ke7 68. Bd5 Nb1 69. Kb7 Nc3 70. Bf3 Kd8 71. Kb6 Kc8 72. Kc6 Kd8 73. Kd6 Nb5+ 74. Ke5 Ke7 75. Kf5 h3 76. gxh3 Nd4+ 77. Kg4 Ne6 78. c6 Nd4 79. c7 Kd7 80. Be4 Kxc7 81. Kg5 Kd7 82. Kf6 Ke8 83. h4 Kf8 84. Bd5 Nf5 85. h5 Ne7 86. Be6 Nf5 87. Kg6 Ne7+ 88. Kh7 Nc6 89. Ba2 Ne5 90. Bd5 Ng4 91. Kg6 Ne5+ 1/2-1/2

[Event "Biel Open"]
[Site "Biel SUI"]
[Date "1994.??.??"]
[Round "2"]
[White "Chernin, Alexander M"]
[Black "Miezis, Normunds"]
[Result "1-0"]
[WhiteElo "2630"]
[BlackElo "2430"]
[PlyCount "72"]
[EventDate "1994.07.??"]
[Source "www.chesslib.no"]
[SourceDate "2004.05.04"]

1. d4 Nf6 2. Nf3 c5 3. d5 e6 4. c4 exd5 5. cxd5 Bd6 6. Bg5 Bc7 7. d6 Ba5+ 8. Nbd2 h6 9. Bh4 g5 10. Bg3 Nc6 11. e3 Ne4 12. Qc2 Nxg3 13. hxg3 Qf6 14. O-O-O Bxd2+ 15. Rxd2 b6 16. Rd5 Bb7 17. Qe4+ Kd8 18. Rf5 Qg7 19. Nxg5 f6 20. Nf3 Re8 21. Qh4 Re6 22. Qxh6 Qxh6 23. Rxh6 Rxd6 24. Rhxf6 Rxf6 25. Rxf6 Ke7 26. Rh6 Rf8 27. Rh7+ Kd6 28. a3 Ne7 29. Be2 a6 30. Kd1 b5 31. Ke1 c4 32. Nh4 Be4 33. Rh6+ Kc5 34. f3 Bb1 35. e4 d5 36. exd5 Nxd5 1-0

[Event "Bad Wiessee (28.10.-04.11)"]
[Site "?"]
[Date "2000.11.05"]
[Round "9"]
[White "Epishin Vladimir"]
[Black "Kalinitschew Sergey"]
[Result "1/2-1/2"]
[WhiteElo "2567"]
[BlackElo "2491"]
[PlyCount "50"]
[EventDate "2000.??.??"]
[Source "www.chesslib.no"]
[SourceDate "2004.05.04"]

1. d4 Nf6 2. c4 c5 3. d5 e6 4. Nc3 exd5 5. cxd5 Bd6 6. e4 Be5 7. Bd3 O-O 8. Nge2 d6 9. Bg5 Re8 10. f4 Bd4 11. Nxd4 cxd4 12. Bxf6 Qxf6 13. Ne2 Qh4+ 14. g3 Qd8 15. Qa4 Nd7 16. Qxd4 Nc5 17. O-O Qb6 18. Bc2 Bf5 19. b4 Nxe4 20. Qxb6 axb6 21. Nd4 Bd7 22. Rfe1 Nc3 23. Bb3 Kf8 24. Rxe8+ Rxe8 25. Rc1 Ne2+ 1/2-1/2

[Event "XXIX Politiken Cup"]
[Site "Copenhagen DAN"]
[Date "2007.07.22"]
[Round "3"]
[White "Thorfinnsson, Br"]
[Black "Sargissian, G."]
[Result "0-1"]
[WhiteElo "2389"]
[BlackElo "2667"]
[PlyCount "66"]
[EventDate "2007.07.21"]
[Source "www.chesslib.no"]
[SourceDate "2004.05.04"]

1. d4 Nf6 2. c4 e6 3. g3 c5 4. d5 exd5 5. cxd5 b5 6. Bg2 d6 7. Nf3 Nbd7 8. O-O g6 9. a4 b4 10. a5 Bg7 11. Bf4 Qc7 12. Qc1 O-O 13. Nd4 Nh5 14. Nc6 Nxf4 15. gxf4 Re8 16. Re1 Ba6 17. e3 Rac8 18. Nd2 Nb8 19. Nxb8 Qxb8 20. b3 c4 21. bxc4 Bxc4 22. Qd1 Bxa1 23. Qxa1 Qb5 24. Ne4 Rxe4 25. Bxe4 Bxd5 26. Bxd5 Qxd5 27. Rd1 Qe6 28. Qd4 b3 29. Rb1 Qg4+ 30. Kh1 Qf3+ 31. Kg1 Rc2 32. Rf1 b2 33. Qxa7 b1=Q 0-1

[Event "Elista ol (Men)"]
[Site "Elista"]
[Date "1998.10.04"]
[Round "6"]
[White "Horvath, Csaba"]
[Black "Miezis, Normunds"]
[Result "1-0"]
[WhiteElo "2540"]
[BlackElo "2515"]
[PlyCount "53"]
[EventDate "1998.09.29"]
[Source "ChessBase"]
[SourceDate "1998.11.06"]

1. d4 Nf6 2. c4 c5 3. d5 e6 4. Nf3 exd5 5. cxd5 Bd6 6. Bg5 h6 7. Bh4 Qa5+ 8. Nc3 Ne4 9. Qc2 Nxc3 10. bxc3 O-O 11. g4 b5 12. g5 h5 13. Bg3 Bxg3 14. hxg3 d6 15. Nd2 Re8 16. Rxh5 g6 17. Rh4 Bf5 18. e4 Na6 19. Be2 Bd7 20. Kf1 c4 21. Kg2 Nc5 22. Rah1 Kf8 23. Rf4 Kg7 24. e5 Rxe5 25. Rh7+ Kg8 26. Rfxf7 Bf5 27. Rhg7+ 1-0

[Event "Mar del Plata op 30th"]
[Site "Mar del Plata"]
[Date "1999.04.02"]
[Round "7"]
[White "Slipak, Sergio"]
[Black "Spangenberg, Hugo"]
[Result "1/2-1/2"]
[WhiteElo "2521"]
[BlackElo "2531"]
[PlyCount "28"]
[EventDate "1999.03.??"]
[Source "www.chesslib.no"]
[SourceDate "2004.05.04"]

1. d4 Nf6 2. c4 e6 3. Nc3 c5 4. d5 exd5 5. Nxd5 d6 6. Nf3 g6 7. Bg5 Bg7 8. e3 a6 9. a4 Bg4 10. Be2 Bxf3 11. Bxf3 Nbd7 12. O-O O-O 13. Be2 Re8 14. Qc2 Qa5 1/2-1/2

[Event "Bonn GSK-3"]
[Site "Bonn"]
[Date "1996.??.??"]
[Round "?"]
[White "Zagorskis, Darius"]
[Black "Miezis, Normunds"]
[Result "1/2-1/2"]
[WhiteElo "2520"]
[BlackElo "2530"]
[PlyCount "97"]
[EventDate "1996.08.??"]
[Source "ChessBase"]

1. d4 Nf6 2. c4 c5 3. d5 e6 4. Nc3 exd5 5. cxd5 Bd6 6. Bg5 Bc7 7. Nf3 d6 8. e3 O-O 9. Be2 Re8 10. Nd2 Nbd7 11. O-O a6 12. a4 Rb8 13. Qc2 h6 14. Bh4 Qe7 15. a5 Nf8 16. Nc4 Ng6 17. Bg3 Ng4 18. h3 N4e5 19. Nd2 f5 20. f4 Nf7 21. Nc4 Bd7 22. Bd3 Qf6 23. e4 Ne7 24. Rad1 Bb5 25. e5 Qg6 26. Kh2 Bxc4 27. Bxc4 Bxa5 28. Bh4 b5 29. Ba2 c4 30. e6 b4 31. exf7+ Qxf7 32. Qa4 Bb6 33. Bxc4 bxc3 34. bxc3 Ng6 35. Bg3 Re3 36. Rd3 Re2 37. Qxa6 Bc5 38. Rdd1 Rc2 39. Rc1 Rd2 40. Rfd1 Rdb2 41. Re1 Kh7 42. Re2 Rxe2 43. Bxe2 Qxd5 44. Qd3 Qe4 45. Re1 Rf8 46. Qxe4 fxe4 47. Bc4 Nxf4 48. Rxe4 g5 49. Bxf4 1/2-1/2

[Event "Bonn GSK-3"]
[Site "Bonn"]
[Date "1996.??.??"]
[Round "?"]
[White "Ruzele, Darius"]
[Black "Miezis, Normunds"]
[Result "1-0"]
[WhiteElo "2520"]
[BlackElo "2530"]
[PlyCount "79"]
[EventDate "1996.08.??"]
[Source "ChessBase"]

1. d4 Nf6 2. c4 e6 3. Nc3 c5 4. d5 exd5 5. cxd5 Bd6 6. Nf3 Bc7 7. Bg5 d6 8. e3 O-O 9. Be2 a6 10. a4 Nbd7 11. Nd2 Re8 12. O-O h6 13. Bh4 Nf8 14. Nc4 Bd7 15. Qb3 Rb8 16. a5 Ng6 17. Bg3 Bg4 18. Qd1 Bxe2 19. Qxe2 Qd7 20. h3 Ne7 21. Qd3 Nh5 22. Bh2 f5 23. Rfb1 Nc8 24. b4 cxb4 25. Rxb4 Nf6 26. Rab1 Ne4 27. Nxe4 fxe4 28. Qb3 Na7 29. Na3 Qf5 30. Qc2 Bxa5 31. Rxb7 Rbc8 32. Qa2 Rc7 33. Bxd6 Rd7 34. Bg3 Kh7 35. Nc4 Bd8 36. Nd6 Rxd6 37. Bxd6 Nb5 38. Bb4 Bf6 39. Qxa6 Qxd5 40. Rxb5 1-0

[Event "4th It"]
[Site "Montreal"]
[Date "2003.07.24"]
[Round "2"]
[White "Lugovoi, Aleksei"]
[Black "Legky, Nikolay"]
[Result "1/2-1/2"]
[WhiteElo "2566"]
[BlackElo "2482"]
[PlyCount "76"]
[EventDate "2003.07.23"]
[Source "Roberto Alvarez"]
[SourceDate "2003.07.28"]

1. d4 Nf6 2. c4 e6 3. Nc3 c5 4. d5 exd5 5. cxd5 Bd6 6. Nf3 Bc7 7. Bg5 h6 8. Bh4 Ba5 9. e3 Qb6 10. Bxf6 Qxf6 11. Rc1 O-O 12. Be2 Bxc3+ 13. bxc3 d6 14. O-O Nd7 15. Nd2 Qe7 16. e4 Re8 17. f4 Rb8 18. a4 a6 19. Rb1 Nf6 20. Bd3 Nxd5 21. Qb3 Nc7 22. Qb6 Nd5 23. Qb3 Nf6 24. c4 Bd7 25. Rbe1 Bc6 26. Bb1 Nd7 27. Qg3 Rbd8 28. a5 Qf6 29. e5 dxe5 30. Ne4 Bxe4 31. Rxe4 exf4 32. Rexf4 Qe6 33. Rxf7 Qe3+ 34. Qxe3 Rxe3 35. h4 Rb3 36. Be4 Nf6 37. Rxb7 Ra3 38. Bf3 Rxa5 1/2-1/2

[Event "XXXV World Open"]
[Site "King of Prussia USA"]
[Date "2007.06.02"]
[Round "5"]
[White "Lapshun, Y."]
[Black "Stocek, J."]
[Result "0-1"]
[WhiteElo "2479"]
[BlackElo "2567"]
[PlyCount "52"]
[EventDate "2007.06.30"]
[Source "www.chesslib.no"]
[SourceDate "2004.05.04"]

1. d4 Nf6 2. c4 e6 3. g3 c5 4. d5 exd5 5. cxd5 b5 6. Bg2 d6 7. a4 b4 8. Nd2 Ba6 9. b3 g6 10. Bb2 Bg7 11. Nh3 O-O 12. O-O Re8 13. Re1 Nbd7 14. Nc4 Bxc4 15. bxc4 Ne4 16. Bxg7 Kxg7 17. Qd3 Nc3 18. f4 a5 19. e4 Qf6 20. Nf2 h5 21. Bf1 Qd4 22. Kg2 Rab8 23. Qf3 Nf6 24. Rad1 Nxd1 25. Rxd1 Qb2 26. h3 Nxe4 0-1

[Event "Donner Memorial Open"]
[Site "Amsterdam NED"]
[Date "1995.??.??"]
[Round "3"]
[White "Riemersma, Liafbern"]
[Black "Hodgson, Julian M"]
[Result "0-1"]
[WhiteElo "2430"]
[BlackElo "2615"]
[PlyCount "76"]
[EventDate "1995.08.??"]
[Source "www.chesslib.no"]
[SourceDate "2004.05.04"]

1. d4 Nf6 2. c4 c5 3. d5 e6 4. Nc3 exd5 5. cxd5 Bd6 6. e4 O-O 7. Nf3 Re8 8. Bd3 Bc7 9. O-O d6 10. h3 a6 11. a4 Nbd7 12. Bf4 Nf8 13. Nd2 Ng6 14. Bh2 Rb8 15. Re1 Ne5 16. Bf1 Ba5 17. Qc2 Bb4 18. Rad1 Nh5 19. f4 Ng6 20. g3 b5 21. axb5 axb5 22. Bg2 c4 23. Kh1 Bc5 24. Re2 Bd7 25. Rf1 Nf6 26. e5 dxe5 27. f5 Nf8 28. g4 Bd4 29. Nde4 b4 30. Nxf6+ gxf6 31. Ne4 c3 32. bxc3 bxc3 33. Qc1 Bb5 34. Qh6 Bxe2 35. g5 Be3 36. Rg1 c2 37. Nxf6+ Qxf6 38. Qxf6 Rb1 0-1

[Event "Zadar CRO"]
[Site "Zadar CRO"]
[Date "1995.??.??"]
[Round "?"]
[White "Hulak, Krunoslav"]
[Black "Zelcic, Robert"]
[Result "1/2-1/2"]
[WhiteElo "2545"]
[BlackElo "2500"]
[PlyCount "72"]
[EventDate "1995.??.??"]
[Source "www.chesslib.no"]
[SourceDate "2004.05.04"]

1. d4 Nf6 2. c4 e6 3. g3 c5 4. d5 exd5 5. cxd5 d6 6. Bg2 g6 7. a4 Bg7 8. Nf3 O-O 9. O-O Bf5 10. Nfd2 Bxb1 11. Rxb1 Nbd7 12. Nc4 Nb6 13. b3 Re8 14. Bb2 Ne4 15. Bxg7 Kxg7 16. Qd3 f5 17. g4 Qf6 18. gxf5 gxf5 19. Ne3 Kh8 20. Rbc1 Re7 21. f3 c4 22. Nxc4 Nc5 23. Qd1 a6 24. Rf2 Rf8 25. Na5 Nxd5 26. f4 Rc7 27. Rc2 Nxa4 28. Ra2 Rc6 29. Rf1 Rd8 30. Qd3 Nab6 31. Qxf5 Rc4 32. Rb1 Qc3 33. bxc4 Qb4 34. Rba1 Qb2 35. e4 Qa3 36. Rf2 Qd3 1/2-1/2

[Event "FRA-ch"]
[Site "Meribel"]
[Date "1998.08.27"]
[Round "14"]
[White "Bacrot, Etienne"]
[Black "Bauer, Christian"]
[Result "0-1"]
[WhiteElo "2555"]
[BlackElo "2490"]
[PlyCount "64"]
[EventDate "1998.08.14"]
[Source "ChessBase"]
[SourceDate "1998.11.30"]

1. d4 Nf6 2. Nf3 e6 3. c4 c5 4. d5 exd5 5. cxd5 Bd6 6. Nc3 Bc7 7. e4 d6 8. Bd3 O-O 9. h3 Re8 10. O-O Nbd7 11. Re1 a6 12. a3 Ba5 13. Bd2 b5 14. Bc2 Bb7 15. Rb1 Rc8 16. b4 cxb4 17. axb4 Bb6 18. Bd3 Qe7 19. Rc1 Ne5 20. Be3 Bxe3 21. Rxe3 Nxf3+ 22. Qxf3 Qe5 23. Bf1 Qd4 24. Rb1 h6 25. Ne2 Qe5 26. Ng3 g6 27. Qd1 h5 28. Ne2 Rc4 29. f4 Qe7 30. Nd4 Rcc8 31. Rbb3 Nxe4 32. Nf3 Qf6 0-1

[Event "Zadar Open"]
[Site "Zadar CRO"]
[Date "1995.??.??"]
[Round "?"]
[White "Hulak, Krunoslav"]
[Black "Zelcic, Robert"]
[Result "1/2-1/2"]
[WhiteElo "2545"]
[BlackElo "2500"]
[PlyCount "72"]
[EventDate "1995.??.??"]
[Source "www.chesslib.no"]
[SourceDate "2004.05.04"]

1. d4 Nf6 2. c4 e6 3. g3 c5 4. d5 exd5 5. cxd5 d6 6. Bg2 g6 7. a4 Bg7 8. Nf3 O-O 9. O-O Bf5 10. Nfd2 Bxb1 11. Rxb1 Nbd7 12. Nc4 Nb6 13. b3 Re8 14. Bb2 Ne4 15. Bxg7 Kxg7 16. Qd3 f5 17. g4 Qf6 18. gxf5 gxf5 19. Ne3 Kh8 20. Rbc1 Re7 21. f3 c4 22. Nxc4 Nc5 23. Qd1 Rg8 24. Rf2 Nxc4 25. Rxc4 a5 26. e4 Reg7 27. Rxc5 dxc5 28. Qe1 Qd4 29. Kh1 h6 30. Rd2 Qc3 31. Qd1 Qe5 32. d6 Rd8 33. Rd5 Qb2 34. Qd2 Qb1+ 35. Qd1 Qb2 36. Qd2 Qb1+ 1/2-1/2

[Event "Voronezh RUS"]
[Site "?"]
[Date "2006.06.18"]
[Round "6"]
[White "Iljushin Alexei"]
[Black "Brodsky Michail"]
[Result "1/2-1/2"]
[WhiteElo "2483"]
[BlackElo "2561"]
[PlyCount "44"]
[EventDate "2006.??.??"]
[Source "www.chesslib.no"]
[SourceDate "2004.05.04"]

1. d4 Nf6 2. c4 e6 3. g3 c5 4. d5 exd5 5. cxd5 b5 6. Bg2 d6 7. e4 Nbd7 8. Ne2 g6 9. O-O Bg7 10. Na3 Ba6 11. b4 O-O 12. Rb1 Re8 13. f3 Rb8 14. Be3 Nb6 15. Bf2 Na4 16. Nc2 Qd7 17. Qd2 Bb7 18. Rfe1 a6 19. f4 Rbc8 20. h4 Qd8 21. bxc5 dxc5 22. Ne3 c4 1/2-1/2

[Event "XX Carlos Torre Wimbledon"]
[Site "Merida MEX"]
[Date "2007.12.19"]
[Round "1.1"]
[White "Gonzalez Garcia, J2."]
[Black "Almeida Quintana, O."]
[Result "1/2-1/2"]
[WhiteElo "2541"]
[BlackElo "2502"]
[PlyCount "106"]
[EventDate "2007.12.19"]
[Source "www.chesslib.no"]
[SourceDate "2004.05.04"]

1. d4 Nf6 2. c4 c5 3. d5 e6 4. Nc3 exd5 5. cxd5 d6 6. Nf3 a6 7. a4 g6 8. h3 Bg7 9. e4 Nbd7 10. Bd3 Nh5 11. Bg5 Bf6 12. Be3 O-O 13. O-O Re8 14. Qd2 Rb8 15. Rfe1 Qc7 16. Rac1 Qa5 17. g4 Ng7 18. Bf4 Ne5 19. Nxe5 Bxe5 20. Bxe5 dxe5 21. f4 c4 22. Bf1 b5 23. axb5 axb5 24. f5 Rd8 25. Ra1 Qb6+ 26. Qf2 Ne8 27. Qxb6 Rxb6 28. Na2 Nd6 29. Nb4 Bb7 30. Kf2 Kg7 31. Ke3 Kf6 32. Be2 Rc8 33. h4 gxf5 34. gxf5 c3 35. bxc3 Rxc3+ 36. Bd3 Nc4+ 37. Ke2 Rb3 38. Reb1 Nb2 39. Bc2 Rxb4 40. Ra2 Na4 41. Rxb4 Nc3+ 42. Kd2 Nxa2 43. Rb2 Ra6 44. Bb1 Ke7 45. Rxb5 Bxd5 46. exd5 Ra4 47. Rb7+ Kd6 48. Rxf7 Rxh4 49. Rf6+ Kc5 50. Bxa2 Rh2+ 51. Ke3 Rxa2 52. d6 Kc6 53. Rh6 Ra4 1/2-1/2